[Event "Ayvalik Pirgos"]
[Site "Ayvalik"]
[Date "2022.01.29"]
[Round "9"]
[White "Altun, Arda"]
[Black "Benkovic, Petar"]
[Result "1-0"]
[WhiteElo "2297"]
[BlackElo "2385"]
[PlyCount "93"]
[EventDate "2022.01.24"]
[EventType "schev"]
[EventRounds "9"]
[EventCountry "TUR"]
[SourceTitle "EXT 2023"]
[Source "ChessBase"]
[SourceDate "2022.10.05"]
[SourceVersion "1"]
[SourceVersionDate "2022.10.05"]
[SourceQuality "1"]
[WhiteTeam "Team 3"]
[BlackTeam "Team 4"]
[WhiteTeamCountry "TUN"]
[BlackTeamCountry "TUR"]

1. e4 c5 2. Nf3 d6 3. d4 cxd4 4. Nxd4 Nf6 5. Nc3 Nc6 6. Bg5 e6 7. Qd2 Be7 8. 0-0-0 0-0 9. f4 Nxd4 10. Qxd4 Qa5 11. e5 dxe5 12. Qxe5 Qxe5 13. fxe5 Nd5 14. Bxe7 Nxe7 15. Bd3 Rb8 16. Be4 b5 17. b4 a6 18. Rd6 f5 19. Bf3 Ng6 20. Re1 Nh8 21. Nd5 Rb7 22. Nb6 Rc7 23. Re2 Kf7 24. Nxc8 Rfxc8 25. Rxa6 g5 26. h3 Ke7 27. Rb6 Ng6 28. Rxb5 h5 29. Rd2 g4 30. hxg4 hxg4 31. Bd1 Nf4 32. a4 Nd5 33. a5 Nc3 34. Rb6 Ne4 35. Rdd6 Nf2 36. Rxe6+ Kf7 37. Rf6+ Kg7 38. Rxf5 Nxd1 39. Kxd1 Rxc2 40. Rg5+ Kh7 41. Rxg4 Ra2 42. Rd4 Rxg2 43. Rd7+ Kg8 44. Rbd6 Rf8 45. Rd8 Rxd8 46. Rxd8+ Kf7 47. a6 1-0

[Event "Ayvalik Pirgos"]
[Site "Ayvalik"]
[Date "2022.01.27"]
[Round "5"]
[White "Altun, Arda"]
[Black "Kotronias, Vasilios"]
[Result "0-1"]
[WhiteElo "2297"]
[BlackElo "2485"]
[PlyCount "76"]
[EventDate "2022.01.24"]
[EventType "schev"]
[EventRounds "9"]
[EventCountry "TUR"]
[SourceTitle "EXT 2023"]
[Source "ChessBase"]
[SourceDate "2022.10.05"]
[SourceVersion "1"]
[SourceVersionDate "2022.10.05"]
[SourceQuality "1"]
[WhiteTeam "Team 3"]
[BlackTeam "Team 1"]
[WhiteTeamCountry "TUN"]
[BlackTeamCountry "TUR"]

1. e4 d5 2. exd5 Qxd5 3. Nc3 Qa5 4. d4 Nf6 5. Nf3 c6 6. Bc4 Bf5 7. Bd2 Nbd7 8. Qe2 Qc7 9. Ne5 e6 10. 0-0 b5 11. Nxd7 Kxd7 12. Bd3 b4 13. Ne4 Bxe4 14. Bxe4 a5 15. Qf3 a4 16. Bf4 Bd6 17. Be5 a3 18. b3 Ke7 19. Bxf6+ gxf6 20. Rfe1 Ra5 21. Bd3 f5 22. g3 Kd8 23. Bc4 h5 24. h3 Kc8 25. Kh1 Kb7 26. Re2 h4 27. g4 fxg4 28. Qxg4 Rf5 29. Qg7 Rd8 30. Rg1 Be7 31. Rd2 Bf6 32. Qg4 Rf4 33. Qh5 Bxd4 34. Rgd1 c5 35. Bf1 e5 36. Bg2+ e4 37. Re2 f5 38. Qg5 Bf6 0-1

[Event "TUR-ch"]
[Site "Antalya"]
[Date "2021.12.11"]
[Round "2"]
[White "Altun, Arda"]
[Black "Baglan, Esat"]
[Result "0-1"]
[WhiteElo "2359"]
[BlackElo "2353"]
[PlyCount "58"]
[EventDate "2021.12.10"]
[EventType "tourn"]
[EventRounds "9"]
[EventCountry "TUR"]
[SourceTitle "CBM 205 Extra"]
[Source "ChessBase"]
[SourceDate "2022.01.31"]
[SourceVersion "1"]
[SourceVersionDate "2022.01.31"]
[SourceQuality "1"]

1. e4 c5 2. Nf3 e6 3. g3 Nc6 4. Bg2 Nf6 5. Qe2 d5 6. exd5 Nxd5 7. 0-0 Be7 8. Rd1 e5 9. c3 Bg4 10. h3 Bh5 11. g4 Nf4 12. Qb5 Nxg2 13. Qxb7 Rc8 14. Kxg2 Bg6 15. d4 0-0 16. Be3 f5 17. gxf5 Bxf5 18. d5 Be4 19. Nbd2 Qxd5 20. Nxe4 Qxe4 21. Kh2 Qxf3 22. Rd7 Rb8 23. Qc7 Rfc8 24. Rxe7 Rxc7 25. Rxc7 Rxb2 26. Bxc5 Rxf2+ 27. Bxf2 Qxf2+ 28. Kh1 h6 29. Rg1 Qf6 0-1